Loading...
| History - European | 1 | 2 | 0 | 1 | 35 | 51 | 66.00 | 0 | 2 | 14.98 | 23.61 |
| History - World | 2 | 0 | 0 | 0 | 30 | 40 | 47.00 | 1 | 2 | 13.69 | 19.44 |
| Social Science | 1 | 1 | 0 | 0 | 25 | 59 | 85.50 | 0 | 1 | 7.94 | 8.33 |
| History - Ancient/Other | 0 | 2 | 0 | 0 | 20 | 88 | 93.00 | 0 | 1 | 5.96 | 16.07 |
| History - American | 1 | 0 | 0 | 0 | 15 | 36 | 36.00 | 1 | 1 | 7.96 | 9.72 |
| Literature - World | 0 | 1 | 0 | 1 | 10 | 146 | 146.00 | 0 | 0 | -0.31 | 2.78 |
| Mythology | 0 | 1 | 0 | 0 | 10 | 115 | 115.00 | 0 | 0 | 1.28 | 5.56 |
| Philosophy | 0 | 1 | 0 | 0 | 10 | 97 | 97.00 | 0 | 0 | 2.20 | 4.17 |
| Science - Other | 0 | 1 | 0 | 0 | 10 | 106 | 106.00 | 0 | 0 | 1.46 | 4.69 |
| Fine Arts - Other | 0 | 1 | 0 | 0 | 10 | 96 | 96.00 | 0 | 0 | 1.59 | 2.78 |
| History - Other | 0 | 1 | 0 | 0 | 10 | 105 | 105.00 | 0 | 0 | 6.25 | 12.50 |